Famous Big 12 Quarterbacks - Statistics

General Stats
  • This quiz has been taken 30 times
  • The average score is 13 of 24
Answer Stats
Hint Answer % Correct
Robert Griffin III Baylor
93%
Patrick Mahomes Texas Tech
93%
Brock Purdy Iowa State
89%
Zach Wilson BYU
85%
Steve Young BYU
78%
Desmond Ridder Cincinnati
74%
Max Duggan TCU
74%
Geno Smith West Virginia
74%
Case Keenum Houston
67%
Adrian Martinez Kansas State
56%
Collin Klein Kansas State
56%
Nick Foles Arizona
52%
Jake Plummer Arizona State
44%
Kordell Stewart Colorado
44%
Will Grier West Virginia
44%
Jayden Daniels Arizona State
41%
Clayton Tune Houston
41%
Blake Shapen Baylor
33%
Spencer Sanders Oklahoma State
33%
McKenzie Milton UCF
33%
Todd Reesing Kansas
30%
John Rhys Plumlee UCF
26%
Jason Bean Kansas
22%
Brian Johnson Utah
15%
No matching quizzes found
Score Distribution
Percent of People with Each Score
Percentile by Number Answered
Your Score History
You have not taken this quiz